[Event "Wch U08 rapid"]
[Site "Minsk"]
[Date "2018.06.22"]
[Round "3"]
[White "Azadaliyev, Jahandar"]
[Black "Gagarinskiy, Artem"]
[Result "0-1"]
[WhiteElo "1566"]
[BlackElo "1231"]
[PlyCount "55"]
[EventDate "2018.06.22"]
[EventType "swiss (rapid)"]
[EventRounds "9"]
[EventCountry "BLR"]
[SourceTitle "EXT 2019"]
[Source "ChessBase"]
[SourceDate "2018.10.10"]
[SourceVersion "1"]
[SourceVersionDate "2018.10.10"]
[SourceQuality "1"]

1. d4 d5 2. c4 c6 3. Nf3 Nf6 4. e3 e6 5. Nc3 Be7 6. Qc2 0-0 7. b3 Nbd7 8. Be2 b6 9. 0-0 Bb7 10. Bb2 c5 11. cxd5 exd5 12. Bd3 Rc8 13. Qe2 Re8 14. Qd1 Ne4 15. Bxe4 dxe4 16. Ne5 cxd4 17. exd4 Bb4 18. Nb5 a6 19. Na3 Nxe5 20. dxe5 Qg5 21. Nc4 Bc5 22. Qe2 Re6 23. Bc1 e3 24. fxe3 Rg6 25. Rf2 Rd8 26. Bb2 b5 27. Nd2 Bxe3 28. Nf3 0-1